000 00369nam a2200157Ia 4500
008 100122s9999 xx 000 0 und d
082 _b70004
_aBM823
100 _aEGMONT
245 _aALICE IN WONDERLAND
250 _a0
260 _bEGMONT IMAGINATION
_c2006
300 _a32
630 _aALICE IN WONDERLAND
730 _aALICE IN WONDERLAND
942 _cBOOK
999 _c381889
_d381886